000
00311nam a22001337a 4500
008
170621b xxu||||| |||| 00| 0 eng d
020
_a
9780253210494
041
_a
eng
080
_a
23
100
_a
20
101
_a
SHP
245
_a
DEVELOPMENT , CHANGE, AND GENDER IN CAIRO
_c
SINGERMAN,D
942
_2
udc
_c
BK
999
_c
18408
_d
18408